000 00657nam a22001937a 4500
005 20251108165542.0
008 250721s1997 xx 000 0 ara d
082 1 4 _aم/330.03/علو
100 1 _aالعلوي، هادي
245 1 0 _aقاموس الدولة و الإقتصاد /
264 1 _aبيروت :
_bدار الكنوز الأدبية،
_c1997.
300 _a192ص
490 0 _aسلسلة المعجم العربي المعاصر ، قواميس عربية مبوبة على الموضوعات ؛ 2
650 1 7 _aعلم المعاجم
650 1 7 _aالإقتصاد
650 1 7 _aالقواميس
942 _2ddc
_cREF
999 _c30588
_d30588